[Event "SR 3. liga A2 2014/2015"]
[Site "?"]
[Date "2014.11.02"]
[Round "2.5"]
[White "Jancicka, Viliam"]
[Black "Kalmar, Tamas"]
[Result "1/2-1/2"]
[WhiteElo "1757"]
[BlackElo "1966"]
[PlyCount "115"]
[EventDate "2015.??.??"]

1. d4 d5 2. Nf3 Nf6 3. Bf4 g6 4. e3 Bg7 5. Be2 O-O 6. Nbd2 c6 7. b4 Nh5 8. Bg3
Nd7 9. Rb1 Nxg3 10. hxg3 e5 11. c3 Qe7 12. Nb3 f5 13. O-O f4 14. gxf4 exf4 15.
exf4 Rxf4 16. Re1 Nf8 17. Nc5 Bg4 18. Nh2 Bf5 19. Bd3 Qf7 20. Bxf5 Rxf5 21. Rb2
b6 22. Nd3 Re8 23. Rbe2 Rxe2 24. Qxe2 Rf6 25. Qe7 Re6 26. Qxf7+ Kxf7 27. Rxe6
Kxe6 28. a4 Nd7 29. Kf1 Kd6 30. Nf3 c5 31. Ke2 c4 32. Nb2 Bh6 33. Nh2 Nf6 34.
f3 a5 35. bxa5 bxa5 36. Nd1 Nd7 37. Ng4 Bc1 38. Nge3 Nb6 39. g4 Nxa4 40. f4 h5
41. f5 gxf5 42. Nxf5+ Ke6 43. Ng7+ Kf6 44. Nxh5+ Kg5 45. Ng7 Kxg4 46. Ne6 Nb6
47. Nc7 a4 48. Na6 Ba3 49. Kd2 Kf3 50. Kc2 Ke2 51. Nb2 Bxb2 52. Kxb2 Kd2 53.
Nc7 a3+ 54. Kxa3 Kxc3 55. Nb5+ Kd2 56. Kb4 Nd7 57. Nc3 Nf6 58. Nxd5 1/2-1/2

[Event "SR 3. liga A2 2014/2015"]
[Site "?"]
[Date "2014.11.02"]
[Round "2.5"]
[White "Kahancova, Jana"]
[Black "Bojnansky, Juraj"]
[Result "1/2-1/2"]
[WhiteElo "1717"]
[BlackElo "1694"]
[PlyCount "95"]
[EventDate "2015.??.??"]

1. d4 Nf6 2. Nf3 g6 3. Bg5 Bg7 4. c3 d5 5. Nbd2 O-O 6. e3 Bg4 7. Qb3 b6 8. Bd3
c5 9. Qd1 c4 10. Bc2 Qc7 11. h3 Bxf3 12. Nxf3 Nbd7 13. Bf4 Qc6 14. Qe2 Ne4 15.
Nd2 f5 16. f3 Nxd2 17. Qxd2 e5 18. Bh2 Rae8 19. O-O e4 20. fxe4 fxe4 21. Qe2 b5
22. a4 Rxf1+ 23. Qxf1 Rf8 24. Qe2 a6 25. axb5 axb5 26. Ra7 Ra8 27. Rxa8+ Qxa8
28. Qe1 Bh6 29. Bg3 Qa2 30. Qc1 Qa5 31. Bd6 Qa6 32. Bg3 Nb6 33. Bf2 Nc8 34. Bd1
Ne7 35. g4 Nc6 36. b3 Qa7 37. Qb2 Qb8 38. bxc4 dxc4 39. Kg2 b4 40. Ba4 bxc3 41.
Qxc3 Qb4 42. Qxb4 Nxb4 43. Be1 Nd5 44. Bc6 Nxe3+ 45. Kf2 Nc2 46. Bxe4 Nxe1 47.
Kxe1 c3 48. Ke2 1/2-1/2

[Event "SR 3. liga A2 2014/2015"]
[Site "?"]
[Date "2014.11.02"]
[Round "2.5"]
[White "Gazovic, Lukas"]
[Black "Matis, Tibor"]
[Result "1-0"]
[WhiteElo "1647"]
[BlackElo "1664"]
[PlyCount "127"]
[EventDate "2015.??.??"]

1. e4 c5 2. Nf3 e6 3. Nc3 Nc6 4. Bb5 a6 5. Bxc6 bxc6 6. d3 Be7 7. Be3 d5 8. d4
cxd4 9. Bxd4 Bf6 10. e5 Be7 11. Ne2 Nh6 12. Ng3 Qc7 13. h3 c5 14. Be3 Nf5 15.
Nxf5 exf5 16. Bf4 Bb7 17. c3 O-O 18. Qd3 c4 19. Qxf5 Qb6 20. Qc2 Bc5 21. O-O-O
Bxf2 22. Nd4 Bxd4 23. Rxd4 Qa5 24. Kb1 Qb6 25. g4 Rae8 26. Re1 f6 27. Bg3 Re6
28. Rd2 Rfe8 29. Rde2 d4 30. cxd4 Qxd4 31. Qc3 Qd3+ 32. Qxd3 cxd3 33. Rd2 Rd8
34. Re3 Kf7 35. a3 fxe5 36. Rxe5 Rxe5 37. Bxe5 Bd5 38. Kc1 Bb3 39. Rf2+ Ke6 40.
Bxg7 Kd5 41. Rf4 Kc5 42. Kd2 Bc2 43. Re4 Rd7 44. Bf6 Rf7 45. g5 h6 46. Rf4 hxg5
47. Bd4+ Kd5 48. Rxf7 Kxd4 49. Re7 a5 50. Rg7 a4 51. Rxg5 Kc4 52. Rg8 Kb3 53.
Rb8+ Ka2 54. h4 Bb3 55. h5 Bc2 56. h6 Bb3 57. Kc3 Kb1 58. Rb7 Bd5 59. Rb8 Be4
60. Rb4 Bg6 61. Rxa4 Bh7 62. Rd4 Ka2 63. a4 Bf5 64. a5 1-0

[Event "SR 3. liga A2 2014/2015"]
[Site "?"]
[Date "2014.11.02"]
[Round "2.6"]
[White "Kucharek, Jaroslav"]
[Black "Spacek, Oliver"]
[Result "1/2-1/2"]
[WhiteElo "2067"]
[BlackElo "2011"]
[PlyCount "74"]
[EventDate "2015.??.??"]

1. d4 Nf6 2. Nf3 d5 3. c4 dxc4 4. e3 c5 5. Bxc4 e6 6. O-O Nbd7 7. Qe2 a6 8. a4
cxd4 9. exd4 Nb6 10. Bb3 Nbd5 11. Nc3 b6 12. Ne5 Bb7 13. Bg5 Be7 14. f4 O-O 15.
f5 exf5 16. Rxf5 Rc8 17. Raf1 Nxc3 18. bxc3 Rxc3 19. Qd1 Bd5 20. Bxd5 Nxd5 21.
Bxe7 Qxe7 22. Nxf7 Nf6 23. Ne5 Rfc8 24. Qd2 Qe6 25. Qg5 Ne4 26. Qf4 Nf6 27. Ng4
Nd7 28. d5 Qe7 29. Rf7 Qc5+ 30. Kh1 Qxd5 31. Nh6+ gxh6 32. Qg4+ Qg5 33. Qxd7
Rc1 34. Qe6 Kh8 35. h3 Rg8 36. Qe2 Rxf1+ 37. Rxf1 a5 1/2-1/2

[Event "SR 3. liga A2 2014/2015"]
[Site "?"]
[Date "2014.11.02"]
[Round "2.6"]
[White "Hecko, Dusan"]
[Black "Blatnicky, Miroslav"]
[Result "0-1"]
[WhiteElo "2105"]
[BlackElo "2056"]
[PlyCount "158"]
[EventDate "2015.??.??"]

1. c4 c5 2. Nc3 Nf6 3. Nf3 d5 4. cxd5 Nxd5 5. g3 Nxc3 6. bxc3 b6 7. Bg2 Bb7 8.
O-O e6 9. d3 Be7 10. Qc2 O-O $11 11. e4 Nc6 12. Be3 Rc8 13. Rad1 Qc7 14. Nd2
Ne5 15. Bf4 Bd6 16. Bxe5 Bxe5 17. f4 Bf6 18. e5 Bxg2 19. Kxg2 Be7 20. Qa4 Rfd8
21. Qe4 g6 22. Qf3 Rd5 23. c4 Rd4 24. h4 h5 25. Nb3 Rd7 26. Rfe1 Rcd8 27. Kh3
Qb7 28. Qxb7 Rxb7 29. a4 a6 30. Kg2 Rbd7 31. Re3 Rb8 32. Rb1 b5 33. axb5 axb5
34. cxb5 Rxb5 35. Nd2 Rxb1 36. Nxb1 Rb7 37. Na3 Kf8 38. Nc4 Ke8 39. Kf3 Kd7 40.
Re2 Rb3 41. Ke3 Rb1 42. Ra2 Rg1 43. Ra7+ Kd8 44. Na5 Rxg3+ 45. Kf2 Bxh4 46.
Nb7+ Kc7 47. Nd6+ Kc6 48. Ke2 g5 49. Ra6+ Kc7 50. Ra7+ $11 Kb6 51. Rb7+ Kc6 52.
fxg5 Rxg5 53. Rxf7 Rxe5+ 54. Ne4 c4 55. Rf3 Kd5 56. Kd2 Bg5+ 57. Nxg5 Rxg5 58.
dxc4+ Kxc4 59. Ra3 Kd4 60. Ra4+ Ke5 61. Ke3 Rg3+ 62. Kf2 Rg5 63. Kf3 Kf5 64.
Rb4 e5 65. Ra4 Rg4 66. Ra8 e4+ 67. Kf2 Rf4+ 68. Kg3 h4+ 69. Kg2 e3 70. Ra2 Kg4
71. Rb2 h3+ 72. Kg1 Kg3 73. Re2 Rf3 74. Rg2+ Kf4 75. Ra2 Rg3+ 76. Kf1 Rg4 77.
Rh2 Kg3 78. Kg1 Rd4 79. Rg2+ Kf3 0-1

[Event "SR 3. liga A2 2014/2015"]
[Site "?"]
[Date "2014.11.02"]
[Round "2.6"]
[White "Hirmajer, Jan"]
[Black "Diviak, Rastislav"]
[Result "1/2-1/2"]
[WhiteElo "1966"]
[BlackElo "2001"]
[PlyCount "100"]
[EventDate "2015.??.??"]

1. c4 e5 2. Nc3 Nc6 3. g3 g6 4. Bg2 Bg7 5. Nf3 Nge7 6. O-O O-O 7. d3 d6 8. Rb1
f5 9. Bg5 Be6 10. Qc1 a5 11. Bh6 Qd7 12. Bxg7 Kxg7 13. Ng5 Bg8 14. a3 h6 15.
Nf3 f4 16. Ne4 Be6 17. b4 axb4 18. axb4 fxg3 19. hxg3 Bg4 20. b5 Nd8 21. c5 Ne6
22. Qb2 Bxf3 23. Bxf3 Nd4 24. Bg2 Ra5 25. Nc3 b6 26. e3 Nf3+ 27. Bxf3 Rxf3 28.
Kg2 Rf8 29. cxd6 cxd6 30. Ra1 Rfa8 31. Rxa5 Rxa5 32. Ra1 Qb7+ 33. e4 Qa7 34.
Rxa5 Qxa5 35. Qb3 Kf6 36. Nd5+ Nxd5 37. Qxd5 Qa3 $11 38. d4 Qb4 39. dxe5+ dxe5
40. Qc6+ Kg5 41. Qxb6 Qxe4+ 42. Kh2 Kf5 43. Qa7 Qc2 44. Qf7+ Kg5 45. b6 Qb2 46.
b7 h5 47. Kh3 Qb1 48. f4+ Kh6 49. Qf8+ Kh7 50. Kh4 Qxb7 1/2-1/2

[Event "SR 3. liga A2 2014/2015"]
[Site "?"]
[Date "2014.11.02"]
[Round "2.6"]
[White "Pericka, Tomas"]
[Black "Jakubec, Milan"]
[Result "1/2-1/2"]
[WhiteElo "2010"]
[BlackElo "2102"]
[PlyCount "92"]
[EventDate "2015.??.??"]

1. e4 e5 2. Nc3 Nc6 3. Nf3 Nf6 4. Bb5 Bb4 5. Qe2 Qe7 6. a3 Bxc3 7. bxc3 O-O 8.
O-O a6 9. Bc4 b5 10. Ba2 d6 11. d4 exd4 12. cxd4 Bg4 13. Bb2 Rae8 14. Rfe1 Qd7
15. Qd3 d5 16. e5 Nh5 17. Nh4 g5 18. Nf3 h6 19. Bc1 Bf5 20. Qb3 Be6 21. Bd2 Kg7
22. c3 f5 23. exf6+ Nxf6 24. Bb1 Ne4 25. Be3 Na5 26. Qc2 Bf5 27. Qc1 Nc4 28. h4
Nxe3 29. Rxe3 gxh4 30. Ne5 Qd8 31. Bxe4 dxe4 32. a4 c5 33. axb5 cxd4 34. Nc6
Qf6 35. Nxd4 Bg4 36. Qb2 axb5 37. Ra7+ Kh8 38. Rb7 Re5 39. Rc7 Rg5 40. Rc6 Qg7
41. Kf1 Bd7 42. Ne6 Bxe6 43. Rxe6 Rxg2 44. Rxh6+ Kg8 45. Qa2+ Rf7 46. Qa8+ Rf8
1/2-1/2

[Event "SR 3. liga A2 2014/2015"]
[Site "?"]
[Date "2014.11.02"]
[Round "2.6"]
[White "Miciak, Emanuel"]
[Black "Nemeckay, Rastislav"]
[Result "1/2-1/2"]
[WhiteElo "1882"]
[BlackElo "1985"]
[PlyCount "62"]
[EventDate "2015.??.??"]

1. d4 d5 2. c4 c6 3. Nf3 Nf6 4. Nc3 e6 5. e3 Nbd7 6. Bd3 dxc4 7. Bxc4 b5 8. Bd3
a6 9. O-O c5 10. dxc5 Bxc5 11. Qe2 O-O 12. Rd1 Bb7 13. a3 Qc7 14. Bd2 Rfd8 15.
Be1 Ne5 16. Nxe5 Qxe5 17. Rac1 Qg5 18. g3 Rac8 19. Bb1 Bb6 20. Rxd8+ Rxd8 21.
Rd1 Nd5 22. Nxd5 Rxd5 23. h4 Qd8 24. Rc1 Rd7 25. Bc3 g6 26. Bc2 Bc5 27. Rd1 Bf8
28. Qg4 Bg7 29. Rxd7 Qxd7 30. Bxg7 Qc6 31. Be4 Qxe4 1/2-1/2

[Event "SR 3. liga A2 2014/2015"]
[Site "?"]
[Date "2014.11.02"]
[Round "2.6"]
[White "Ocko, Martin"]
[Black "Podjavorinsky, Michal"]
[Result "1-0"]
[WhiteElo "1857"]
[BlackElo "1736"]
[PlyCount "43"]
[EventDate "2015.??.??"]

1. e4 Nf6 2. e5 Nd5 3. c4 Nb6 4. d4 d6 5. f4 dxe5 6. fxe5 Bf5 7. Nc3 e6 8. Nf3
Be7 9. Be3 O-O 10. Be2 Nc6 11. O-O f6 12. Nh4 fxe5 13. Nxf5 exf5 14. d5 Nb8 15.
c5 Nc8 16. d6 cxd6 17. Qd5+ Kh8 18. Qxb7 Qd7 19. Qxa8 Nc6 20. Bb5 f4 21. Qxc6
Qg4 22. Be2 1-0

[Event "SR 3. liga A2 2014/2015"]
[Site "?"]
[Date "2014.11.02"]
[Round "2.6"]
[White "Bajcar, Pavol"]
[Black "Skapik, Branislav"]
[Result "0-1"]
[WhiteElo "1776"]
[BlackElo "1822"]
[PlyCount "58"]
[EventDate "2015.??.??"]

1. d4 e6 2. Bf4 Nf6 3. Nf3 d5 4. e3 c5 5. dxc5 Bxc5 6. Bd3 Nc6 7. c3 Qe7 8. Ne5
Bd6 9. Nxc6 bxc6 10. Bxd6 Qxd6 11. O-O e5 12. f3 O-O 13. Qc2 a5 14. Nd2 Rd8 15.
Rfd1 Qc5 16. Nf1 Ba6 17. Kh1 Bxd3 18. Qxd3 Rab8 19. b3 Qb6 20. Rd2 e4 21. Qe2
Ra8 22. f4 a4 23. b4 Rac8 24. Rd4 Ne8 25. Rc1 Nd6 26. g4 Nb5 27. Rd2 c5 28. c4
dxc4 29. Rcd1 Nc3 0-1

[Event "SR 3. liga A2 2014/2015"]
[Site "?"]
[Date "2014.11.02"]
[Round "2.6"]
[White "Spacek, Marcel"]
[Black "Smrek, Peter"]
[Result "1-0"]
[WhiteElo "1690"]
[BlackElo "1831"]
[PlyCount "51"]
[EventDate "2015.??.??"]

1. d4 d5 2. c4 e6 3. Nc3 Nf6 4. cxd5 exd5 5. Bg5 Be7 6. e3 Bf5 7. Nge2 h6 8.
Bh4 Nbd7 9. f3 Bh7 10. Bf2 c6 11. Ng3 Bd6 12. Bd3 Bxd3 13. Qxd3 O-O 14. O-O Qc7
15. e4 Bxg3 16. Bxg3 Qb6 17. Bd6 Rfe8 18. e5 Re6 19. f4 Ne8 20. Ba3 Rg6 21. Kh1
Nc7 22. Ne2 c5 23. f5 c4 24. Qh3 Rg5 25. f6 gxf6 26. Qxd7 1-0

[Event "SR 3. liga A2 2014/2015"]
[Site "?"]
[Date "2014.11.16"]
[Round "3.1"]
[White "Diviak, Rastislav"]
[Black "Horak, Ivan"]
[Result "1/2-1/2"]
[WhiteElo "2001"]
[BlackElo "2070"]
[PlyCount "27"]
[EventDate "2015.??.??"]

1. e4 c5 2. Nf3 d6 3. d4 cxd4 4. Nxd4 Nf6 5. Nc3 a6 6. Be2 e5 7. Nb3 Be7 8. O-O
Be6 9. Be3 Nbd7 10. f4 Qc7 11. f5 Bc4 12. Bxc4 Qxc4 13. Qf3 O-O-O 14. Rfd1
1/2-1/2

[Event "SR 3. liga A2 2014/2015"]
[Site "?"]
[Date "2014.11.16"]
[Round "3.1"]
[White "Sefcik, Marek"]
[Black "Nemeckay, Rastislav"]
[Result "1/2-1/2"]
[WhiteElo "2043"]
[BlackElo "1985"]
[PlyCount "98"]
[EventDate "2015.??.??"]

1. d4 d5 2. Nf3 Nf6 3. e3 e6 4. Bd3 Nbd7 5. b3 Bd6 6. Bb2 O-O 7. Nbd2 Re8 8.
Ne5 c5 9. f4 b6 10. Qf3 cxd4 11. exd4 a5 12. Qe2 Nf8 13. O-O Qc7 14. a4 Qa7 15.
Rae1 Ba6 16. c4 Rac8 17. g4 Bb4 18. Rd1 Qc7 19. g5 N6d7 20. cxd5 Bxd3 21. Nxd3
exd5 22. Qf2 Qd6 23. Rc1 Bxd2 24. Qxd2 f6 25. Qf2 Qe6 26. Rfe1 Qf5 27. Rxe8
Rxe8 28. Re1 Rxe1+ 29. Nxe1 fxg5 30. fxg5 Qxg5+ 31. Kh1 Nf6 32. Ba3 Qg4 33. Nf3
Qe4 34. Kg1 Ne6 35. Bc1 Qg4+ 36. Qg3 Qxg3+ 37. hxg3 Ng4 38. Kf1 Kf7 39. Ke2 Kf6
40. Kd3 Kf5 41. Nh4+ Kf6 42. Bd2 Nf2+ 43. Ke3 Ne4 44. Be1 N6g5 45. Ng2 Ne6 46.
Kd3 Ke7 47. Ne3 Nf6 48. b4 axb4 49. Bxb4+ Kd7 1/2-1/2

[Event "SR 3. liga A2 2014/2015"]
[Site "?"]
[Date "2014.11.16"]
[Round "3.1"]
[White "Hanzluvka, Peter"]
[Black "Chabada, Tomas"]
[Result "1-0"]
[WhiteElo "1922"]
[BlackElo "1987"]
[PlyCount "91"]
[EventDate "2015.??.??"]

1. e4 e5 2. Nf3 Nc6 3. Bb5 a6 4. Ba4 Nf6 5. O-O Be7 6. Re1 b5 7. Bb3 d6 8. h3
Na5 9. c3 Nxb3 10. axb3 Bb7 11. d3 O-O 12. Nbd2 c5 13. c4 Qc7 14. Nf1 h6 15.
Ne3 Rfe8 16. Nf5 Bf8 17. Nh2 Kh7 18. Qf3 Re6 19. Ng4 Nxg4 20. hxg4 g6 21. Ne3
Bg7 22. Qh3 Rh8 23. Bd2 Kg8 24. cxb5 axb5 25. Ra7 Qb6 26. Rea1 Re8 27. Qf3 Qc6
28. Nd5 h5 29. g5 Qc8 30. R1a5 b4 31. Rb5 Bxd5 32. exd5 Rf8 33. Rbb7 Qf5 34.
Qxf5 gxf5 35. g6 e4 36. dxe4 fxe4 37. Bf4 Be5 38. Bxe5 dxe5 39. d6 Rh6 40. Rxf7
Rd8 41. Rg7+ Kh8 42. Rh7+ Rxh7 43. Rxh7+ Kg8 44. d7 e3 45. fxe3 Rf8 46. Re7 1-0

[Event "SR 3. liga A2 2014/2015"]
[Site "?"]
[Date "2014.11.16"]
[Round "3.1"]
[White "Kovarik, Oto"]
[Black "Skapik, Branislav"]
[Result "0-1"]
[WhiteElo "1926"]
[BlackElo "1822"]
[PlyCount "70"]
[EventDate "2015.??.??"]

1. e4 e5 2. Nf3 Nc6 3. Bb5 a6 4. Bxc6 dxc6 5. h3 Bd6 6. d4 exd4 7. Qxd4 f6 8.
c4 Be6 9. Nc3 c5 10. Qd3 Ne7 11. Be3 Qd7 12. b3 O-O-O 13. O-O-O Nc6 14. Qe2 Qf7
15. Nd2 Be5 16. Nd5 Nd4 17. Bxd4 cxd4 18. f4 Bd6 19. Rhf1 Rhe8 20. Qd3 Ba3+ 21.
Kc2 c5 22. Nb1 Bxd5 23. cxd5 Bb4 24. a3 Ba5 25. b4 cxb4 26. Qxd4 bxa3 27. Kb3
Kb8 28. Nxa3 Qe7 29. Nc4 Qb4+ 30. Ka2 Qa4+ 31. Na3 Rxe4 32. Qd3 Rde8 33. Qc2
Qxc2+ 34. Nxc2 Re2 35. Rd2 Rxd2 0-1

[Event "SR 3. liga A2 2014/2015"]
[Site "?"]
[Date "2014.11.16"]
[Round "3.1"]
[White "Danada, Ondrej"]
[Black "Husek, Lubomir"]
[Result "1-0"]
[WhiteElo "1870"]
[BlackElo "1854"]
[PlyCount "123"]
[EventDate "2015.??.??"]

1. d4 d5 2. c4 c6 3. Nc3 e6 4. Nf3 Nf6 5. Bg5 Be7 6. Qc2 Nbd7 7. e3 h6 8. Bh4
O-O 9. Bd3 dxc4 10. Bxc4 b5 11. Bd3 a6 12. O-O Bb7 13. Ne4 Rc8 14. Nc5 Nxc5 15.
dxc5 Nd7 16. Bxe7 Qxe7 17. b4 e5 18. Bh7+ Kh8 19. Bf5 Rcd8 20. Bxd7 Rxd7 21.
Rfd1 Rfd8 22. Rxd7 Rxd7 23. Rd1 e4 24. Rxd7 Qxd7 25. Qd2 Qxd2 26. Nxd2 f5 27.
f3 exf3 28. gxf3 Kg8 29. Kf2 Kf7 30. e4 f4 31. Nb3 Kf6 32. Nd4 g6 33. Ke2 Ke5
34. Kd3 Kf6 35. Kc3 Ke5 36. h4 Kf6 37. Ne2 Ke5 38. Nc1 g5 39. hxg5 hxg5 40.
Nd3+ Kf6 41. Kd4 Ke6 42. Ne5 Ke7 43. Ng4 Bc8 44. Nf2 Kf6 45. e5+ Kf5 46. Ne4
Be6 47. Nd6+ Kg6 48. a3 Bd5 49. Ne4 Bb3 50. Nd2 Bc2 51. Ne4 Kf5 52. e6 Kxe6 53.
Nxg5+ Kf5 54. Nf7 Bb3 55. Nd6+ Kg5 56. Ke5 Bd5 57. Ne4+ Kg6 58. Kxf4 Kf7 59.
Ke5 Ke7 60. f4 Kf7 61. Nd6+ Ke7 62. f5 1-0

[Event "SR 3. liga A2 2014/2015"]
[Site "?"]
[Date "2014.11.16"]
[Round "3.1"]
[White "Holiencin, Filip"]
[Black "Sadlon, Juraj"]
[Result "1/2-1/2"]
[WhiteElo "1845"]
[BlackElo "1820"]
[PlyCount "80"]
[EventDate "2015.??.??"]

1. d4 Nf6 2. c4 e6 3. Nc3 d5 4. Bg5 Be7 5. e3 Nbd7 6. Nf3 O-O 7. cxd5 exd5 8.
Bd3 Re8 9. O-O Nf8 10. h3 c6 11. a3 a5 12. Qc2 Be6 13. Na4 h6 14. Bf4 Bd6 15.
Bxd6 Qxd6 16. Nc5 b6 17. Nxe6 Nxe6 18. Bf5 c5 19. Bxe6 fxe6 20. Ne5 c4 21. f3
b5 22. Qg6 Re7 23. g4 Nd7 24. f4 Nxe5 25. fxe5 Qd7 26. Rf4 Rf7 27. Kg2 Raf8 28.
Kg3 Rxf4 29. exf4 Qf7 30. Qxf7+ Rxf7 31. Rf1 b4 32. a4 g6 33. h4 h5 34. g5 b3
35. Kf3 Rb7 36. Ke3 Kf7 37. Kd2 Ke7 38. Kc3 Kd7 39. Rh1 Kc6 40. Re1 Rf7 1/2-1/2

[Event "SR 3. liga A2 2014/2015"]
[Site "?"]
[Date "2014.11.16"]
[Round "3.1"]
[White "Sadlon, Matus"]
[Black "Vach, Jozef"]
[Result "1/2-1/2"]
[WhiteElo "1591"]
[BlackElo "1778"]
[PlyCount "95"]
[EventDate "2015.??.??"]

1. e4 e5 2. Nf3 Nc6 3. Bb5 a6 4. Ba4 Nf6 5. O-O d6 6. Re1 b5 7. Bb3 Na5 8. d4
Nxb3 9. axb3 Bg4 10. dxe5 Bxf3 11. Qxf3 dxe5 12. Bg5 Be7 13. Nc3 O-O 14. Red1
Qc8 15. Bxf6 Bxf6 16. Nd5 Bd8 17. Qg3 c6 18. Ne3 Qe6 19. Rd3 Bc7 20. Nf5 g6 21.
Rad1 Rad8 22. Qg5 f6 23. Qg4 Kh8 24. Ne3 Qxg4 25. Nxg4 Rxd3 26. Rxd3 Bb6 27.
Rd6 Rd8 28. Rxd8+ Bxd8 29. Kf1 Kg7 30. Ke2 Kf7 31. Ne3 Ke6 32. Kd3 Bb6 33. f3
Bd4 34. c3 Bb6 35. b4 Kd6 36. b3 Bxe3 37. Kxe3 c5 38. Kd3 cxb4 39. cxb4 f5 40.
g3 Ke6 41. Ke3 Kd6 42. Kd3 Ke6 43. Ke3 Kd6 44. Kd3 Kc6 45. h4 Kd6 46. g4 fxg4
47. fxg4 g5 48. h5 1/2-1/2

[Event "SR 3. liga A2 2014/2015"]
[Site "?"]
[Date "2014.11.16"]
[Round "3.1"]
[White "Hrubos, Milan"]
[Black "Ulehla, Jakub"]
[Result "0-1"]
[WhiteElo "1771"]
[BlackElo "1479"]
[PlyCount "73"]
[EventDate "2015.??.??"]

1. e4 e5 2. f4 Bc5 3. Nf3 d6 4. Bc4 Nc6 5. c3 Bg4 6. b4 Bb6 7. a4 a6 8. d3 Nf6
9. h3 Bxf3 10. Qxf3 O-O 11. f5 Ne7 12. Be3 Bxe3 13. Qxe3 d5 14. Bb3 Nc6 15.
exd5 Nxd5 16. Bxd5 Qxd5 17. O-O Kh8 18. Nd2 Rad8 19. Rf3 Ne7 20. Ne4 Qc6 21. f6
Ng6 22. Qg5 h6 23. Qg3 Rg8 24. fxg7+ Rxg7 25. Rf6 Qd7 26. Qe3 Kh7 27. Raf1 Nf4
28. R1xf4 exf4 29. Qxf4 Qxh3 30. Qf5+ Qxf5 31. Rxf5 Rxd3 32. Re5 Rg6 33. Rf5
Kg7 34. Kf2 c6 35. Ke2 Rd5 36. Rf4 Re6 37. Kf3 0-1

[Event "SR 3. liga A2 2014/2015"]
[Site "?"]
[Date "2014.11.16"]
[Round "3.2"]
[White "Skreno, Vladimir"]
[Black "Kucharek, Jaroslav"]
[Result "1-0"]
[WhiteElo "2244"]
[BlackElo "2067"]
[PlyCount "73"]
[EventDate "2015.??.??"]

1. d4 Nf6 2. Nf3 d6 3. c4 g6 4. Nc3 Bg7 5. e4 O-O 6. Be2 Nbd7 7. O-O e5 8. Re1
c6 9. Bf1 Re8 10. d5 cxd5 11. cxd5 a6 12. b4 Nh5 13. Qb3 f5 14. Ng5 Nf8 15. a4
h6 16. Nf3 g5 17. exf5 e4 18. Nd2 e3 19. Rxe3 Rxe3 20. fxe3 Bxf5 21. Bb2 Qe7
22. Re1 Ng6 23. Nd1 Ne5 24. e4 Bg6 25. Ne3 Rf8 26. Bxe5 Bxe5 27. Qc4 Bxh2+ 28.
Kxh2 Qe5+ 29. Kg1 Qg3 30. Re2 Nf4 31. Nf5 Bxf5 32. exf5 Nxe2+ 33. Qxe2 Rxf5 34.
Qe6+ Rf7 35. Qg6+ Rg7 36. Qe8+ Kh7 37. Nf3 1-0

[Event "SR 3. liga A2 2014/2015"]
[Site "?"]
[Date "2014.11.16"]
[Round "3.2"]
[White "Hirmajer, Jan"]
[Black "Bisco, Igor"]
[Result "1/2-1/2"]
[WhiteElo "1966"]
[BlackElo "2079"]
[PlyCount "49"]
[EventDate "2015.??.??"]

1. c4 Nf6 2. Nc3 g6 3. g3 Bg7 4. Bg2 O-O 5. Nf3 c5 6. O-O Nc6 7. d3 d6 8. Rb1
Ng4 9. Bg5 h6 10. Bd2 Kh7 11. a3 a5 12. h3 Nge5 13. Nxe5 Bxe5 14. Qc1 Bg7 15.
Nd5 Bd7 16. Bc3 Nd4 17. Qd1 e6 18. Ne3 Qc7 19. Nc2 Bc6 20. Nxd4 Bxd4 21. e3 Bg7
22. Bxg7 Kxg7 23. d4 Bxg2 24. Kxg2 Qc6+ 25. Qf3 1/2-1/2

[Event "SR 3. liga A2 2014/2015"]
[Site "?"]
[Date "2014.11.16"]
[Round "3.2"]
[White "Malar, Pavol"]
[Black "Jakubec, Milan"]
[Result "1-0"]
[WhiteElo "2062"]
[BlackElo "2102"]
[PlyCount "59"]
[EventDate "2015.??.??"]

1. e4 e5 2. Nf3 Nf6 3. d4 Nxe4 4. dxe5 d5 5. exd6 Bxd6 6. Bd3 Nc5 7. O-O Nxd3
8. Qxd3 O-O 9. Nc3 Nc6 10. Ng5 g6 11. Nge4 Nb4 12. Qe2 Bf5 13. Bg5 Be7 14. Rad1
Bd7 15. Bxe7 Qxe7 16. Rxd7 Qe6 17. Qd2 Nxa2 18. Nxa2 Qxe4 19. Nc3 Qf5 20. Nd5
Qe5 21. Qc3 Qxc3 22. Nxc3 Rac8 23. Rfd1 Kg7 24. Nb5 a6 25. Nxc7 Kh6 26. h4 a5
27. g4 b5 28. Kg2 b4 29. Kg3 a4 30. Ne6 1-0

[Event "SR 3. liga A2 2014/2015"]
[Site "?"]
[Date "2014.11.16"]
[Round "3.2"]
[White "Miciak, Emanuel"]
[Black "Slamena, Michal"]
[Result "0-1"]
[WhiteElo "1882"]
[BlackElo "1993"]
[PlyCount "72"]
[EventDate "2015.??.??"]

1. d4 Nf6 2. c4 c5 3. d5 b5 4. cxb5 a6 5. b6 Bb7 6. Nc3 e6 7. e4 exd5 8. exd5
Qxb6 9. Nf3 Be7 10. Bc4 O-O 11. O-O d6 12. Re1 Re8 13. Rb1 Nbd7 14. h3 Qb4 15.
Bb3 c4 16. Ba4 Bf8 17. Rxe8 Rxe8 18. Bg5 Rc8 19. Nd4 Qb6 20. Nf3 h6 21. Be3 Qa5
22. Bd4 Bxd5 23. Nxd5 Qxd5 24. Bxd7 Nxd7 25. b4 Be7 26. Qa4 Qc6 27. Qc2 Bf6 28.
Re1 Bxd4 29. Nxd4 Qb6 30. Nf5 Kh8 31. Ne7 Rb8 32. Qxc4 Ne5 33. Rxe5 dxe5 34.
Qxf7 Qf6 35. Ng6+ Kh7 36. Qc7 Re8 0-1

[Event "SR 3. liga A2 2014/2015"]
[Site "?"]
[Date "2014.11.16"]
[Round "3.2"]
[White "Peska, Juraj"]
[Black "Podjavorinsky, Michal"]
[Result "1/2-1/2"]
[WhiteElo "1930"]
[BlackElo "1736"]
[PlyCount "82"]
[EventDate "2015.??.??"]

1. c4 Nf6 2. Nc3 g6 3. g3 Bg7 4. Bg2 O-O 5. d3 d6 6. Nf3 c6 7. O-O e5 8. Bg5
Nbd7 9. Qc1 Qc7 10. Bh6 Re8 11. Bxg7 Kxg7 12. Nd2 Nc5 13. b4 Ne6 14. a4 a5 15.
b5 Bd7 16. Nb3 Rac8 17. Ne4 Nxe4 18. Bxe4 cxb5 19. cxb5 Qxc1 20. Raxc1 b6 21.
Bb7 Rxc1 22. Rxc1 Nc5 23. Nxc5 dxc5 24. Bd5 Be6 25. Bxe6 Rxe6 26. Rc4 f5 27.
Kg2 Kf6 28. f3 g5 29. h3 Rd6 30. Kf2 Rd4 31. Ke3 f4+ 32. gxf4 exf4+ 33. Kd2 Ke5
34. Kc3 Rxc4+ 35. dxc4 Kf5 36. Kd2 h5 37. Kd3 Ke5 38. Kc3 Ke6 39. Kd2 Kf6 40.
Kc2 Kf5 41. Kd3 Ke5 1/2-1/2

[Event "SR 3. liga A2 2014/2015"]
[Site "?"]
[Date "2014.11.16"]
[Round "3.2"]
[White "Smrek, Peter"]
[Black "Skocik, Jozef"]
[Result "0-1"]
[WhiteElo "1831"]
[BlackElo "1921"]
[PlyCount "62"]
[EventDate "2015.??.??"]

1. c4 f5 2. g3 Nf6 3. Nc3 e5 4. d3 g6 5. Bg2 Bg7 6. e3 O-O 7. Nge2 c6 8. c5 d5
9. cxd6 Qxd6 10. O-O Be6 11. Qc2 Na6 12. a3 Rad8 13. d4 e4 14. f3 exf3 15. Bxf3
Rfe8 16. Bd2 Nc7 17. Nf4 Bf7 18. Rad1 Ncd5 19. Rfe1 Nxf4 20. gxf4 Nd5 21. Kg2
Nxc3 22. bxc3 Bd5 23. c4 Bxf3+ 24. Kxf3 b6 25. Qb3 Qe6 26. Bc1 b5 27. d5 Qe4+
28. Kf2 bxc4 29. Qb7 cxd5 30. Qxa7 Bc3 31. Bd2 Qc2 0-1

[Event "SR 3. liga A2 2014/2015"]
[Site "?"]
[Date "2014.11.16"]
[Round "3.2"]
[White "Drgon, Matus"]
[Black "Lajda, Dusan"]
[Result "1/2-1/2"]
[WhiteElo "1754"]
[BlackElo "1853"]
[PlyCount "39"]
[EventDate "2015.??.??"]

1. d4 d5 2. c4 c6 3. Nc3 Nf6 4. Nf3 dxc4 5. e3 b5 6. a4 b4 7. Na2 e6 8. Bxc4
Bb7 9. Bd2 a5 10. O-O Nbd7 11. Nc1 Be7 12. Nd3 O-O 13. Re1 c5 14. Rc1 Bxf3 15.
Qxf3 cxd4 16. exd4 Nb6 17. b3 Nxc4 18. Rxc4 Nd5 19. Ne5 Bf6 20. Bf4 1/2-1/2

[Event "SR 3. liga A2 2014/2015"]
[Site "?"]
[Date "2014.11.16"]
[Round "3.2"]
[White "Bjel, Jan"]
[Black "Gajarsky, Roman"]
[Result "1/2-1/2"]
[WhiteElo "1823"]
[BlackElo "1787"]
[PlyCount "55"]
[EventDate "2015.??.??"]

1. e4 e6 2. d4 d5 3. exd5 exd5 4. Nf3 Bd6 5. Bd3 Bg4 6. Be3 Nd7 7. O-O Ngf6 8.
Nbd2 O-O 9. c3 c5 10. Qc2 c4 11. Bf5 g6 12. Bxg4 Nxg4 13. Rfe1 Qc7 14. h3 Nxe3
15. Rxe3 Rae8 16. Rae1 Rxe3 17. Rxe3 Bf4 18. Re2 b5 19. Nf1 a5 20. a3 Qd8 21.
Qd1 Re8 22. Qe1 Rxe2 23. Qxe2 Bd6 24. Ne3 Qe7 25. Kf1 Nb6 26. Qc2 b4 27. axb4
axb4 28. b3 1/2-1/2